Disney Animated Movies: The Revival Era - Statistics

General Stats
  • This quiz has been taken 89 times
  • The average score is 9 of 13
Answer Stats
Year Film % Correct
2013 Frozen
93%
2019 Frozen II
87%
2010 Tangled
87%
2021 Encanto
74%
2016 Moana
72%
2009 The Princess and the Frog
70%
2012 Wreck-It Ralph
67%
2018 Ralph Breaks the Internet
63%
2021 Raya and the Last Dragon
61%
2011 Winnie the Pooh
57%
2014 Big Hero 6
54%
2016 Zootopia
52%
2022 Strange World
48%
No matching quizzes found
Score Distribution
Percent of People with Each Score
Percentile by Number Answered
Your Score History
You have not taken this quiz